Add a Double Letter Pair Quiz Stats

 Plays Quiz Updated Jul 10, 2014

Support Sporcle.
Go Orange.
Score 0/24 Timer 05:00
0 Plays Today
% Correct
TT
96%
KK
95.6%
HH
93.9%
AA
92.8%
LL
90.5%
UU
90.4%
EE
88.8%
RR
87.6%
CC
83.3%
II
77.4%
MM
76.3%
FF
75.9%
% Correct
NN
73.2%
BB
67.9%
SS
67.4%
DD
66.8%
ZZ
65.6%
PP
57.3%
WW
57.2%
GG
54.8%
OO
42.2%
VV
41.2%
YY
26.6%
JJ
25.3%

You're not logged in!

Compare scores with friends on all Sporcle quizzes.
OR
Log In

From the Vault

Children's Books Typing Challenge

by markassonne

Sorry, this quiz doesn't count toward your 20 minutes of reading for the day.
Remove Ads.
Support Sporcle.
Get the best of Sporcle when you Go Orange. This ad-free experience offers more features, more stats, and more fun while also helping to support Sporcle. Thank you for becoming a member.

Show Comments

Extras

Top Quizzes Today


Score Distribution

Your Account Isn't Verified!

In order to create a playlist on Sporcle, you need to verify the email address you used during registration. Go to your Sporcle Settings to finish the process.

Report this User

Report this user for behavior that violates our Community Guidelines.

Details: